| 000 | 00636nam a2200253 a 4500 | ||
|---|---|---|---|
| 001 | adlib96000001 | ||
| 003 | ViArRB | ||
| 005 | 200902210153555.7 | ||
| 008 | 960221s1955 dcuabcdjdbkoqu001 0deng d | ||
| 020 | _a | ||
| 022 | _a | ||
| 040 | _aAdlib | ||
| 082 | _aF | ||
| 245 | _aPower of the sword | ||
| 250 | _a | ||
| 260 |
_aLondon _bPan Books _c1980 |
||
| 300 |
_a618p. _c |
||
| 500 | _a | ||
| 100 |
_aSmith, Wilbur _e |
||
| 700 |
_a _a |
||
| 942 | _cBK | ||
| 653 |
_aEnglish _aEnglish Literature _aLiterature _aFiction |
||
| 952 |
_w2010-06-16 _p00034982 _r2010-06-16 _40 _00 _bUL _10 _oF SMI/P _d2010-06-16 _70 _yBK _aUL |
||
| 999 |
_c19997 _d19996 |
||